|
|
|
|
| LEADER |
02251nam a2200493 i 4500 |
| 001 |
EBC1347800 |
| 003 |
MiAaPQ |
| 005 |
20200520144314.0 |
| 006 |
m o d | |
| 007 |
cr cnu|||||||| |
| 008 |
100514s2010 gw a ob 100 0 ger|d |
| 020 |
|
|
|z 9783486589412 (pbk.)
|
| 020 |
|
|
|a 9783486708325 (e-book)
|
| 035 |
|
|
|a (MiAaPQ)EBC1347800
|
| 035 |
|
|
|a (Au-PeEL)EBL1347800
|
| 035 |
|
|
|a (CaPaEBR)ebr10891483
|
| 035 |
|
|
|a (CaONFJC)MIL609394
|
| 035 |
|
|
|a (OCoLC)879550518
|
| 040 |
|
|
|a MiAaPQ
|b eng
|e rda
|e pn
|c MiAaPQ
|d MiAaPQ
|
| 043 |
|
|
|a e-gx---
|
| 050 |
|
4 |
|a D804.18
|b .G53 2010
|
| 245 |
0 |
0 |
|a Ghettorenten :
|b Entschadigungspolitik, Rechtsprechung und historische Forschung /
|c herausgegeben von Jurgen Zarusky.
|
| 264 |
|
1 |
|a Munchen :
|b Oldenbourg,
|c 2010.
|
| 300 |
|
|
|a 1 online resource (127 pages) :
|b illustrations.
|
| 336 |
|
|
|a text
|2 rdacontent
|
| 337 |
|
|
|a computer
|2 rdamedia
|
| 338 |
|
|
|a online resource
|2 rdacarrier
|
| 490 |
1 |
|
|a Zeitgeschichte im Gesprach ;
|v Band 6
|
| 500 |
|
|
|a Papers from a conference held April 2008 at the Institut fur Zeitgeschichte in Munich, Germany.
|
| 504 |
|
|
|a Includes bibliographical references.
|
| 588 |
|
|
|a Description based on print version record.
|
| 590 |
|
|
|a Electronic reproduction. Ann Arbor, MI : ProQuest, 2015. Available via World Wide Web. Access may be limited to ProQuest affiliated libraries.
|
| 650 |
|
0 |
|a Jewish ghettos
|v Congresses.
|
| 650 |
|
0 |
|a Holocaust, Jewish (1939-1945)
|v Congresses.
|
| 650 |
|
0 |
|a Holocaust, Jewish (1939-1945)
|x Reparations
|v Congresses.
|
| 650 |
|
0 |
|a Pensions
|x Law and legislation
|v Congresses.
|
| 651 |
|
0 |
|a Germany
|x History
|y 1933-1945
|v Congresses.
|
| 655 |
|
4 |
|a Electronic books.
|
| 700 |
1 |
|
|a Zarusky, Jurgen,
|e editor.
|
| 710 |
2 |
|
|a Institut fur Zeitgeschichte (Munich, Germany),
|e host institution.
|
| 776 |
0 |
8 |
|i Print version:
|t Ghettorenten : Entschadigungspolitik, Rechtsprechung und historische Forschung.
|d Munchen : Oldenbourg, 2010
|h 127 pages ; 21 cm
|k Zeitgeschichte im Gesprach ; Band 6
|z 9783486589412
|w (GyWOH)har090003800
|w (DLC)10891483
|
| 797 |
2 |
|
|a ProQuest (Firm)
|
| 830 |
|
0 |
|a Zeitgeschichte im Gesprach ;
|v Bd. 6.
|
| 856 |
4 |
0 |
|u https://ebookcentral.proquest.com/lib/matrademy/detail.action?docID=1347800
|z Click to View
|